[Event "DSJ Weihnachtsturnier U20 2020"]
[Site "https://play.chessbase.com/en/play?room=DSJWeihnachtU20"]
[Date "2020.12.29"]
[Round "5"]
[White "Vecera, Fabio"]
[Black "Piehler, Sebastian"]
[Result "1-0"]
[Termination "normal"]
[Board "13.4"]
[WhiteElo "1527"]
[BlackElo "1603"]
[WhiteTeam "VfB Schach Leipzig"]
[BlackTeam "SK Kelheim 1920"]
[PlyCount "83"]
[WhiteFideId "16281705"]
[BlackFideId "16222032"]
[EventRounds "7"]
[EventType "team-swiss"]
[EventDate "2020.12.29"]

1. e4 {[%emt 0:00:02] Kelheim1-004 reconnected.} c5 {[%emt 0:00:24]} 2. Nf3
{[%emt 0:00:07]} e6 {[%emt 0:00:02]} 3. d4 {[%emt 0:00:35]} cxd4 {[%emt
0:00:12]} 4. Nxd4 {[%emt 0:00:00]} a6 {[%emt 0:00:01]} 5. Be2 {[%emt 0:00:09]}
Nc6 {[%emt 0:00:03]} 6. O-O {[%emt 0:00:21]} Nge7 { [%emt 0:00:03]} 7. c4
{[%emt 0:00:12]} d6 {[%emt 0:00:09]} 8. Be3 {[%emt 0:00:09]} g6 {[%emt
0:00:07]} 9. Qd2 {[%emt 0:00:13]} Bg7 {[%emt 0:00:05]} 10. Nxc6 {[%emt
0:00:11]} Nxc6 {[%emt 0:00:03]} 11. Rd1 {[%emt 0:00:09]} O-O {[%emt 0:00:35]}
12. Nc3 {[%emt 0:00:12]} Nb4 {[%emt 0:02:13]} 13. a3 {[%emt 0:00:13]} Nc6
{[%emt 0:00:06]} 14. Qxd6 {[%emt 0:00:11]} Qxd6 {[%emt 0:00:03]} 15. Rxd6 {
[%emt 0:00:00]} Be5 {[%emt 0:00:05]} 16. Rd2 {[%emt 0:00:10]} Bc7 {[%emt
0:00:40]} 17. Rad1 {[%emt 0:00:09]} Rd8 {[%emt 0:00:20]} 18. Rxd8+ {[%emt
0:00:03]} Bxd8 {[%emt 0:00:00]} 19. e5 {[%emt 0:00:29]} Bc7 {[%emt 0:00:20]}
20. f4 { [%emt 0:00:10]} Ne7 {[%emt 0:00:14]} 21. Ne4 {[%emt 0:00:16]} Nf5
{[%emt 0:00:03]} 22. Nf6+ {[%emt 0:00:08]} Kh8 {[%emt 0:00:12]} 23. Bc5 {[%emt
0:00:07]} b6 {[%emt 0:00:24]} 24. Bf2 {[%emt 0:00:12]} Ne7 {[%emt 0:01:13]} 25.
Bf3 { [%emt 0:00:08]} Ra7 {[%emt 0:00:03]} 26. c5 {[%emt 0:00:15]} b5 {[%emt
0:00:16] } 27. h3 {[%emt 0:00:13]} Ng8 {[%emt 0:00:24]} 28. Ne8 {[%emt
0:00:16]} Ne7 { [%emt 0:01:11]} 29. c6 {[%emt 0:00:17]} Bb8 {[%emt 0:00:41]}
30. Rd8 {[%emt 0:00:07]} h5 {[%emt 0:00:40]} 31. Bxa7 {[%emt 0:00:04]} Bxa7+
{[%emt 0:00:02]} 32. Kh2 {[%emt 0:00:07]} Kh7 {[%emt 0:00:01]} 33. Nd6 {[%emt
0:00:07]} Bb6 { [%emt 0:00:04]} 34. Re8 {[%emt 0:00:08]} Nf5 {[%emt 0:00:04]}
35. Nxc8 { [%emt 0:00:07]} Bf2 {[%emt 0:00:03]} 36. c7 {[%emt 0:00:16]} h4
{[%emt 0:00:00] } 37. Nd6 {[%emt 0:00:08]} Nd4 {[%emt 0:00:01]} 38. c8=Q {[%emt
0:00:06]} Nxf3+ {[%emt 0:00:02]} 39. gxf3 {[%emt 0:00:03]} Bg3+ {[%emt
0:00:00]} 40. Kg2 { [%emt 0:00:05]} Bxf4 {[%emt 0:00:00]} 41. Rh8+ {[%emt
0:00:03]} Kg7 {[%emt 0:00:00]} 42. Qg8# {[%emt 0:00:03]} 1-0

[Event "DSJ Weihnachtsturnier U20 2020"]
[Site "https://play.chessbase.com/en/play?room=DSJWeihnachtU20"]
[Date "2020.12.29"]
[Round "5"]
[White "Werner, Tom"]
[Black "Rietschel, Tilo"]
[Result "1-0"]
[Termination "normal"]
[Board "14.1"]
[WhiteElo "1780"]
[BlackElo "2066"]
[WhiteTeam "VSG 1880 Offenbach"]
[BlackTeam "Lübecker SV von 1873"]
[PlyCount "75"]
[WhiteFideId "16223756"]
[BlackFideId "16208390"]
[EventRounds "7"]
[EventType "team-swiss"]
[EventDate "2020.12.29"]

1. c4 {[%emt 0:00:04]} e5 {[%emt 0:00:37]} 2. Nc3 {[%emt 0:00:02]} Nf6 { [%emt
0:00:02]} 3. g3 {[%emt 0:00:02]} d5 {[%emt 0:00:03]} 4. Bg2 {[%emt 0:00:07]} d4
{[%emt 0:00:23]} 5. Ne4 {[%emt 0:00:03]} Nxe4 {[%emt 0:00:19]} 6. Bxe4 {[%emt
0:00:00]} Nd7 {[%emt 0:00:05]} 7. d3 {[%emt 0:00:14]} Bd6 {[%emt 0:00:16]} 8.
Bd2 {[%emt 0:00:13]} O-O {[%emt 0:00:06]} 9. Bg2 {[%emt 0:00:05]} c6 { [%emt
0:00:03]} 10. b4 {[%emt 0:00:03]} a5 {[%emt 0:00:18]} 11. a3 {[%emt 0:00:32]}
Nf6 {[%emt 0:00:33]} 12. Nf3 {[%emt 0:00:22]} Qe7 {[%emt 0:00:08]} 13. O-O
{[%emt 0:00:38]} Re8 {[%emt 0:00:18]} 14. bxa5 {[%emt 0:00:16]} Bc7 {[%emt
0:00:58]} 15. Bb4 {[%emt 0:00:08]} Qd8 {[%emt 0:00:11]} 16. Ng5 {[%emt
0:00:46]} Bxa5 {[%emt 0:00:08]} 17. Ne4 {[%emt 0:00:03]} Nxe4 {[%emt 0:00:14]}
18. Bxe4 { [%emt 0:00:00]} Bh3 {[%emt 0:00:08]} 19. Bg2 {[%emt 0:00:06]} Bxg2
{[%emt 0:00:07]} 20. Kxg2 {[%emt 0:00:00]} Qb6 {[%emt 0:01:12]} 21. Qd2 {[%emt
0:00:14]} c5 {[%emt 0:00:04]} 22. Bxa5 {[%emt 0:00:02]} Rxa5 {[%emt 0:00:00]}
23. Rfb1 { [%emt 0:00:10]} Qc6+ {[%emt 0:00:04]} 24. f3 {[%emt 0:00:06]} Rea8
{[%emt 0:00:01]} 25. Rb3 {[%emt 0:00:08]} g6 {[%emt 0:00:02]} 26. Ra2 {[%emt
0:00:10]} b5 { [%emt 0:00:11]} 27. cxb5 {[%emt 0:00:18]} Rxb5 {[%emt 0:00:00]}
28. Rab2 { [%emt 0:00:10] Offenba1-001 offers a draw} Rxb3 {[%emt 0:00:11]} 29.
Rxb3 { [%emt 0:00:00]} c4 {[%emt 0:00:10]} 30. dxc4 {[%emt 0:00:09]} Qxc4
{[%emt 0:00:00]} 31. Qb4 {[%emt 0:00:07]} Qxe2+ {[%emt 0:00:04]} 32. Kh3 {[%emt
0:00:07]} Qf1+ {[%emt 0:00:05]} 33. Kg4 {[%emt 0:00:07]} h5+ {[%emt 0:00:48]}
34. Kg5 { [%emt 0:00:14]} Qh3 {[%emt 0:00:38]} 35. Qb7 {[%emt 0:00:36]} Ra5
{[%emt 0:00:38]} 36. Qc7 {[%emt 0:00:37]} Qf5+ {[%emt 0:00:34]} 37. Kh6 {[%emt
0:00:10]} f6 {[%emt 0:01:33]} 38. Qg7# {[%emt 0:00:04]} 1-0

[Event "DSJ Weihnachtsturnier U20 2020"]
[Site "https://play.chessbase.com/en/play?room=DSJWeihnachtU20"]
[Date "2020.12.29"]
[Round "5"]
[White "Mundt, Alexandra"]
[Black "Werner, Rosalie"]
[Result "0-1"]
[Termination "time forfeit"]
[Board "14.2"]
[WhiteElo "1768"]
[BlackElo "1751"]
[WhiteTeam "Lübecker SV von 1873"]
[BlackTeam "VSG 1880 Offenbach"]
[PlyCount "70"]
[WhiteFideId "16217276"]
[BlackFideId "16223748"]
[EventRounds "7"]
[EventType "team-swiss"]
[EventDate "2020.12.29"]

1. e4 {[%emt 0:00:04]} c5 {[%emt 0:00:03]} 2. Nf3 {[%emt 0:00:02]} Nc6 { [%emt
0:00:03]} 3. d4 {[%emt 0:00:03]} cxd4 {[%emt 0:00:01]} 4. Nxd4 {[%emt 0:00:01]}
e5 {[%emt 0:00:02]} 5. Nb3 {[%emt 0:00:04]} d6 {[%emt 0:00:16]} 6. Nc3 {[%emt
0:00:04]} Nf6 {[%emt 0:00:07]} 7. Be2 {[%emt 0:00:08]} Be7 {[%emt 0:00:02]} 8.
Be3 {[%emt 0:00:07]} a6 {[%emt 0:00:12]} 9. a4 {[%emt 0:00:03]} b6 { [%emt
0:00:11]} 10. O-O {[%emt 0:00:04]} O-O {[%emt 0:00:02]} 11. Kh1 {[%emt
0:00:11]} Be6 {[%emt 0:00:18]} 12. f4 {[%emt 0:00:25]} exf4 {[%emt 0:00:31]}
13. Bxf4 {[%emt 0:00:05]} d5 {[%emt 0:00:25]} 14. Bf3 {[%emt 0:00:51]} d4
{[%emt 0:00:50]} 15. Ne2 {[%emt 0:00:16]} Bxb3 {[%emt 0:00:05]} 16. cxb3 {[%emt
0:00:10] } Bc5 {[%emt 0:00:10]} 17. e5 {[%emt 0:00:04]} Nd5 {[%emt 0:00:02]}
18. Bg3 { [%emt 0:00:06]} Rc8 {[%emt 0:00:09]} 19. Bg4 {[%emt 0:00:13]} Ne3
{[%emt 0:00:04]} 20. Qd3 {[%emt 0:00:12]} Nxg4 {[%emt 0:00:12]} 21. Rf5 {[%emt
0:01:03]} Ne3 {[%emt 0:00:26]} 22. Rh5 {[%emt 0:00:05]} g6 {[%emt 0:00:03]} 23.
Rh3 { [%emt 0:00:11]} Qd5 {[%emt 0:00:44]} 24. Nf4 {[%emt 0:00:15]} Qd7 {[%emt
0:00:56]} 25. Qe4 {[%emt 0:01:46]} Qf5 {[%emt 0:00:27]} 26. Nd5 {[%emt
0:01:07]} Nxd5 {[%emt 0:00:31]} 27. Qxd5 {[%emt 0:00:06]} Rfd8 {[%emt 0:00:19]}
28. Qc4 { [%emt 0:00:02]} Nxe5 {[%emt 0:00:24]} 29. Bxe5 {[%emt 0:00:26]} Qxe5
{[%emt 0:00:05]} 30. Rf1 {[%emt 0:00:03]} Qe6 {[%emt 0:00:21]} 31. Qd3 {[%emt
0:00:05]} Re8 {[%emt 0:00:16]} 32. Qg3 {[%emt 0:00:06]} Qe2 {[%emt 0:00:15]}
33. Qf4 { [%emt 0:00:22]} f5 {[%emt 0:00:31]} 34. Rb1 {[%emt 0:01:47]} Qe1+
{[%emt 0:00:11]} 35. Rxe1 {[%emt 0:00:07]} Rxe1+ {[%emt 0:00:00] . TimeW} 0-1

[Event "DSJ Weihnachtsturnier U20 2020"]
[Site "https://play.chessbase.com/en/play?room=DSJWeihnachtU20"]
[Date "2020.12.29"]
[Round "5"]
[White "Werner, Florin"]
[Black "Kroschel, Anton"]
[Result "1/2-1/2"]
[Termination "normal"]
[Board "14.3"]
[WhiteElo "1533"]
[BlackElo "1754"]
[WhiteTeam "VSG 1880 Offenbach"]
[BlackTeam "Lübecker SV von 1873"]
[PlyCount "83"]
[WhiteFideId "16250230"]
[BlackFideId "12969834"]
[EventRounds "7"]
[EventType "team-swiss"]
[EventDate "2020.12.29"]

1. e4 {[%emt 0:00:31]} c5 {[%emt 0:00:05]} 2. Nf3 {[%emt 0:00:04]} e6 {[%emt
0:00:01]} 3. d4 {[%emt 0:00:02]} cxd4 {[%emt 0:00:00]} 4. Nxd4 {[%emt 0:00:02]}
Nf6 {[%emt 0:00:00]} 5. Nc3 {[%emt 0:00:12]} Nc6 {[%emt 0:00:10]} 6. Be3 {
[%emt 0:00:04]} Bb4 {[%emt 0:00:06]} 7. f3 {[%emt 0:00:11]} d5 {[%emt 0:00:20]}
8. exd5 {[%emt 0:00:03]} Nxd5 {[%emt 0:00:04]} 9. Nxc6 {[%emt 0:00:01]} bxc6 {
[%emt 0:00:01]} 10. Bd4 {[%emt 0:00:04]} O-O {[%emt 0:00:37]} 11. Be2 {[%emt
0:00:31]} Nxc3 {[%emt 0:00:21]} 12. Bxc3 {[%emt 0:00:04]} Bxc3+ {[%emt
0:00:01]} 13. bxc3 {[%emt 0:00:02]} Qb6 {[%emt 0:00:19]} 14. Qd4 {[%emt
0:00:06]} Rd8 { [%emt 0:00:14]} 15. Qxb6 {[%emt 0:00:02]} axb6 {[%emt 0:00:00]}
16. O-O { [%emt 0:00:04]} Ba6 {[%emt 0:00:24]} 17. Rfe1 {[%emt 0:00:19]} g6
{[%emt 0:00:12]} 18. a4 {[%emt 0:00:09]} Bxe2 {[%emt 0:00:27]} 19. Rxe2 {[%emt
0:00:04]} b5 {[%emt 0:00:02]} 20. a5 {[%emt 0:00:03]} Ra6 {[%emt 0:00:06]} 21.
Re4 {[%emt 0:00:08]} Rd2 {[%emt 0:00:44]} 22. Ra2 {[%emt 0:00:06]} Rd7 {[%emt
0:01:26]} 23. Re1 {[%emt 0:00:10]} Kg7 {[%emt 0:00:11]} 24. Kf1 {[%emt
0:00:04]} Kf6 { [%emt 0:00:17]} 25. Ke2 {[%emt 0:00:03]} Rda7 {[%emt 0:00:09]}
26. Rea1 { [%emt 0:00:03]} Ke5 {[%emt 0:00:02]} 27. Ke3 {[%emt 0:00:03]} Kd5
{[%emt 0:00:36]} 28. Kd3 {[%emt 0:00:04]} e5 {[%emt 0:00:12]} 29. g4 {[%emt
0:00:08]} f5 { [%emt 0:00:05]} 30. gxf5 {[%emt 0:00:09]} gxf5 {[%emt 0:00:01]}
31. c4+ { [%emt 0:00:18]} bxc4+ {[%emt 0:00:02]} 32. Kc3 {[%emt 0:00:07]} Kc5
{[%emt 0:00:10]} 33. Re1 {[%emt 0:00:05]} Re7 {[%emt 0:00:02]} 34. Ra4 {[%emt
0:00:05]} Kd6 {[%emt 0:01:12]} 35. Kxc4 {[%emt 0:00:07]} Ke6 {[%emt 0:00:04]}
36. h4 { [%emt 0:00:13]} Rd7 {[%emt 0:00:01]} 37. Kc3 {[%emt 0:00:05]} Rd5
{[%emt 0:00:02]} 38. Kb4 {[%emt 0:00:22]} Rd2 {[%emt 0:00:23]} 39. Kc3 {[%emt
0:00:05]} Rd5 {[%emt 0:00:08]} 40. Kb4 {[%emt 0:00:10]} Rd4+ {[%emt 0:00:14]}
41. Kb3 { [%emt 0:00:05]} Rd5 {[%emt 0:00:39]} 42. Kb4 {[%emt 0:00:12]} 1/2-1/2

[Event "DSJ Weihnachtsturnier U20 2020"]
[Site "https://play.chessbase.com/en/play?room=DSJWeihnachtU20"]
[Date "2020.12.29"]
[Round "5"]
[White "Stülcken, Philipp"]
[Black "Bergmann, Lennart"]
[Result "0-1"]
[Termination "normal"]
[Board "14.4"]
[WhiteElo "1459"]
[BlackElo "1505"]
[WhiteTeam "Lübecker SV von 1873"]
[BlackTeam "VSG 1880 Offenbach"]
[PlyCount "106"]
[WhiteFideId "12986232"]
[BlackFideId "16270657"]
[EventRounds "7"]
[EventType "team-swiss"]
[EventDate "2020.12.29"]

1. e4 {[%emt 0:00:04]} c5 {[%emt 0:00:07]} 2. Nc3 {[%emt 0:00:02]} Nf6 { [%emt
0:00:08]} 3. f4 {[%emt 0:00:05]} d6 {[%emt 0:00:09]} 4. Nf3 {[%emt 0:00:02]}
Nc6 {[%emt 0:00:03]} 5. Bb5 {[%emt 0:00:02]} Bd7 {[%emt 0:00:02]} 6. Bxc6
{[%emt 0:00:01]} bxc6 {[%emt 0:00:01]} 7. O-O {[%emt 0:00:04]} g6 {[%emt
0:00:03]} 8. d3 {[%emt 0:00:03]} Bg7 {[%emt 0:00:01]} 9. Qe1 {[%emt 0:00:07]}
O-O { [%emt 0:00:11]} 10. Nh4 {[%emt 0:00:11]} Qb6 {[%emt 0:00:43]} 11. Kh1
{[%emt 0:00:04]} d5 {[%emt 0:00:16]} 12. f5 {[%emt 0:00:07]} e6 {[%emt
0:00:22]} 13. fxg6 {[%emt 0:00:09]} hxg6 {[%emt 0:00:03]} 14. Qg3 {[%emt
0:00:21]} Qb8 { [%emt 0:00:37]} 15. Qg5 {[%emt 0:00:28]} Ne8 {[%emt 0:00:35]}
16. Rf3 {[%emt 0:00:28]} Qe5 {[%emt 0:00:03]} 17. Qg4 {[%emt 0:00:12]} Nf6
{[%emt 0:00:12]} 18. Qh3 {[%emt 0:00:06]} Nh5 {[%emt 0:00:21]} 19. g4 {[%emt
0:00:20]} Nf6 {[%emt 0:00:05]} 20. Bf4 {[%emt 0:00:06]} Qd4 {[%emt 0:00:16]}
21. Be3 {[%emt 0:00:02]} Qb4 {[%emt 0:00:07]} 22. Raf1 {[%emt 0:00:34]} Nh7
{[%emt 0:01:16]} 23. Nd1 { [%emt 0:00:25]} d4 {[%emt 0:00:16]} 24. Bf4 {[%emt
0:00:17]} e5 {[%emt 0:00:05] } 25. Bc1 {[%emt 0:00:01]} c4 {[%emt 0:00:18]} 26.
a3 {[%emt 0:00:14]} Qc5 { [%emt 0:00:16]} 27. Bd2 {[%emt 0:00:44]} cxd3 {[%emt
0:00:09]} 28. cxd3 { [%emt 0:00:01]} Qe7 {[%emt 0:00:03]} 29. Ng2 {[%emt
0:00:05]} Ng5 {[%emt 0:00:43]} 30. Bxg5 {[%emt 0:00:05]} Qxg5 {[%emt 0:00:01]}
31. Qg3 {[%emt 0:00:17]} Rab8 {[%emt 0:00:19]} 32. b4 {[%emt 0:00:02]} Ra8
{[%emt 0:00:26]} 33. h4 { [%emt 0:00:01]} Qe7 {[%emt 0:00:05]} 34. h5 {[%emt
0:00:13]} a5 {[%emt 0:00:16] } 35. Qh3 {[%emt 0:00:52]} Qg5 {[%emt 0:00:18]}
36. Nf2 {[%emt 0:00:20]} gxh5 { [%emt 0:00:13]} 37. Qxh5 {[%emt 0:00:02]} Qxh5+
{[%emt 0:00:01]} 38. gxh5 { [%emt 0:00:01]} axb4 {[%emt 0:00:02]} 39. axb4
{[%emt 0:00:01]} Rab8 {[%emt 0:00:14]} 40. Ng4 {[%emt 0:00:14]} Bxg4 {[%emt
0:00:06]} 41. Rg3 {[%emt 0:00:01]} Bxh5 {[%emt 0:00:04]} 42. Nh4 {[%emt
0:00:04]} Rxb4 {[%emt 0:00:17]} 43. Nf5 { [%emt 0:00:01]} Bg6 {[%emt 0:00:03]}
44. Ne7+ {[%emt 0:00:02]} Kh7 {[%emt 0:00:10]} 45. Rh3+ {[%emt 0:00:03]} Bh6
{[%emt 0:00:05]} 46. Rg3 {[%emt 0:00:20]} Rg8 {[%emt 0:00:20]} 47. Nxg8 {[%emt
0:00:06]} Kxg8 {[%emt 0:00:00]} 48. Rh3 { [%emt 0:00:05]} Kg7 {[%emt 0:00:01]}
49. Kg2 {[%emt 0:00:14]} Rb3 {[%emt 0:00:02]} 50. Rhf3 {[%emt 0:00:04]} Be3
{[%emt 0:00:04]} 51. Rf6 {[%emt 0:00:12]} Rxd3 {[%emt 0:00:09]} 52. Rxc6 {[%emt
0:00:01]} Bxe4+ {[%emt 0:00:02]} 53. Kg3 {[%emt 0:00:02]} Bxc6 {[%emt 0:00:01]}
0-1

[Event "DSJ Weihnachtsturnier U20 2020"]
[Site "https://play.chessbase.com/en/play?room=DSJWeihnachtU20"]
[Date "2020.12.29"]
[Round "5"]
[White "Fidlin, Simon"]
[Black "Gazizov, Max"]
[Result "1-0"]
[Termination "normal"]
[Board "15.1"]
[WhiteElo "1862"]
[BlackElo "1689"]
[WhiteTeam "Karlsruher SF 1853 2"]
[BlackTeam "Think Rochade - SC HRO"]
[PlyCount "77"]
[WhiteFideId "16217535"]
[BlackFideId "12951323"]
[EventRounds "7"]
[EventType "team-swiss"]
[EventDate "2020.12.29"]

1. e4 {[%emt 0:00:05]} c5 {[%emt 0:00:04]} 2. Nf3 {[%emt 0:00:03]} e6 {[%emt
0:00:01]} 3. c4 {[%emt 0:00:03]} Nc6 {[%emt 0:00:12]} 4. Nc3 {[%emt 0:00:07]}
Be7 {[%emt 0:00:31]} 5. Be2 {[%emt 0:00:04]} h6 {[%emt 0:00:39]} 6. O-O {[%emt
0:00:12]} d6 {[%emt 0:00:08]} 7. d4 {[%emt 0:00:05]} cxd4 {[%emt 0:00:03]} 8.
Nxd4 {[%emt 0:00:03]} a6 {[%emt 0:00:08]} 9. Be3 {[%emt 0:00:12]} e5 {[%emt
0:00:57]} 10. Nc2 {[%emt 0:00:11]} Nf6 {[%emt 0:00:13]} 11. f3 {[%emt 0:00:12]}
O-O {[%emt 0:00:31]} 12. Qd2 {[%emt 0:00:25]} Kh7 {[%emt 0:00:13]} 13. Rad1 {
[%emt 0:00:20]} Nd7 {[%emt 0:00:22]} 14. Nd5 {[%emt 0:00:14]} b5 {[%emt
0:01:10]} 15. cxb5 {[%emt 0:00:22]} axb5 {[%emt 0:00:06]} 16. Bxb5 {[%emt
0:00:02]} Bb7 {[%emt 0:00:22]} 17. a4 {[%emt 0:00:04]} Rc8 {[%emt 0:01:03]} 18.
b4 { [%emt 0:00:50]} Re8 {[%emt 0:00:31]} 19. Qd3 {[%emt 0:00:43]} Bf8 {[%emt
0:00:13]} 20. Kh1 {[%emt 0:00:34]} Ne7 {[%emt 0:00:03]} 21. Bxd7 {[%emt
0:00:14]} Qxd7 {[%emt 0:00:33]} 22. Nb6 {[%emt 0:00:03]} Qc7 {[%emt 0:00:22]}
23. Nxc8 { [%emt 0:00:02]} Rxc8 {[%emt 0:00:03]} 24. Rc1 {[%emt 0:00:05]} Qd7
{[%emt 0:00:39]} 25. b5 {[%emt 0:00:05]} d5 {[%emt 0:00:07]} 26. exd5+ {[%emt
0:00:04]} Kg8 {[%emt 0:00:09]} 27. Nb4 {[%emt 0:00:14]} Nf5 {[%emt 0:00:15]}
28. Nc6 { [%emt 0:00:06]} Nxe3 {[%emt 0:00:10]} 29. Qxe3 {[%emt 0:00:02]} Bxc6
{[%emt 0:00:01]} 30. dxc6 {[%emt 0:00:02]} Qc7 {[%emt 0:00:08]} 31. b6 {[%emt
0:00:12]} Qb8 {[%emt 0:00:01]} 32. a5 {[%emt 0:00:07]} Bb4 {[%emt 0:00:19]} 33.
a6 { [%emt 0:00:11]} Ba5 {[%emt 0:00:07]} 34. c7 {[%emt 0:00:20]} Qxb6 {[%emt
0:00:05]} 35. Qxb6 {[%emt 0:00:15]} Bxb6 {[%emt 0:00:00]} 36. Rc6 {[%emt
0:00:01]} Ba7 {[%emt 0:00:10]} 37. Rd1 {[%emt 0:00:04]} Kh7 {[%emt 0:00:06]}
38. Rd8 { [%emt 0:00:06]} e4 {[%emt 0:00:02]} 39. fxe4 {[%emt 0:00:05]} 1-0

[Event "DSJ Weihnachtsturnier U20 2020"]
[Site "https://play.chessbase.com/en/play?room=DSJWeihnachtU20"]
[Date "2020.12.29"]
[Round "5"]
[White "Wiese, Erik"]
[Black "Hänselmann, Hendrik"]
[Result "1/2-1/2"]
[Termination "normal"]
[Board "15.2"]
[WhiteElo "1613"]
[BlackElo "1828"]
[WhiteTeam "Think Rochade - SC HRO"]
[BlackTeam "Karlsruher SF 1853 2"]
[PlyCount "60"]
[WhiteFideId "16271602"]
[BlackFideId "16232755"]
[EventRounds "7"]
[EventType "team-swiss"]
[EventDate "2020.12.29"]

1. c4 {[%emt 0:00:13]} e5 {[%emt 0:00:15]} 2. Nc3 {[%emt 0:00:02]} Nf6 { [%emt
0:00:08]} 3. g3 {[%emt 0:00:02]} d5 {[%emt 0:00:06]} 4. cxd5 {[%emt 0:00:05]}
Nxd5 {[%emt 0:00:03]} 5. Bg2 {[%emt 0:00:00]} Nb6 {[%emt 0:00:06]} 6. e3 {
[%emt 0:00:14]} Nc6 {[%emt 0:00:18]} 7. Nge2 {[%emt 0:00:03]} Be7 {[%emt
0:00:09]} 8. O-O {[%emt 0:00:04]} O-O {[%emt 0:00:12]} 9. a3 {[%emt 0:00:14]}
Be6 { [%emt 0:00:07]} 10. d4 {[%emt 0:00:10]} exd4 {[%emt 0:00:22]} 11. Nxd4 {
[%emt 0:00:11]} Nxd4 {[%emt 0:00:19]} 12. exd4 {[%emt 0:00:38]} c6 {[%emt
0:00:04]} 13. Be3 {[%emt 0:00:41]} Nd5 {[%emt 0:00:11]} 14. Qd2 {[%emt
0:00:33]} Qd7 {[%emt 0:00:14]} 15. Rfe1 {[%emt 0:00:40]} Rad8 {[%emt 0:00:05]}
16. Rad1 { [%emt 0:00:09]} Bf6 {[%emt 0:00:14]} 17. Ne4 {[%emt 0:00:19]} Qe7
{[%emt 0:00:23]} 18. Nxf6+ {[%emt 0:01:25]} Nxf6 {[%emt 0:00:05]} 19. Bg5
{[%emt 0:00:15]} Rfe8 {[%emt 0:00:28]} 20. Qa5 {[%emt 0:00:41]} b6 {[%emt
0:00:22]} 21. Qc3 { [%emt 0:00:06]} h6 {[%emt 0:00:19]} 22. Bxf6 {[%emt
0:00:22]} Qxf6 {[%emt 0:00:05]} 23. Qxc6 {[%emt 0:00:29]} Rc8 {[%emt 0:00:54]}
24. Qb5 {[%emt 0:00:25]} Re7 {[%emt 0:00:18]} 25. d5 {[%emt 0:00:14]} Bd7
{[%emt 0:00:20]} 26. Qb4 { [%emt 0:00:27]} Rxe1+ {[%emt 0:00:15]} 27. Rxe1
{[%emt 0:00:11]} Rc2 {[%emt 0:00:03]} 28. f4 {[%emt 0:01:20]} Rxb2 {[%emt
0:00:15]} 29. Qe7 {[%emt 0:00:15] Rochade1-002 offers a draw} Qd4+ {[%emt
0:02:11]} 30. Qe3 {[%emt 0:00:02]} Qc4 {[%emt 0:00:34]} 1/2-1/2

[Event "DSJ Weihnachtsturnier U20 2020"]
[Site "https://play.chessbase.com/en/play?room=DSJWeihnachtU20"]
[Date "2020.12.29"]
[Round "5"]
[White "Borodaev, Roman"]
[Black "Witek, Jarne"]
[Result "0-1"]
[Termination "normal"]
[Board "15.3"]
[WhiteElo "1657"]
[BlackElo "1393"]
[WhiteTeam "Karlsruher SF 1853 2"]
[BlackTeam "Think Rochade - SC HRO"]
[PlyCount "54"]
[WhiteFideId "16274881"]
[BlackFideId "16247647"]
[EventRounds "7"]
[EventType "team-swiss"]
[EventDate "2020.12.29"]

1. e4 {[%emt 0:00:05]} e5 {[%emt 0:00:05]} 2. Nf3 {[%emt 0:00:02]} Nc6 { [%emt
0:00:23]} 3. Bb5 {[%emt 0:00:01]} a6 {[%emt 0:00:02]} 4. Ba4 {[%emt 0:00:04]}
d6 {[%emt 0:00:04]} 5. O-O {[%emt 0:00:03]} Nf6 {[%emt 0:00:03]} 6. Re1 { [%emt
0:00:02]} Be7 {[%emt 0:00:04]} 7. d4 {[%emt 0:00:01]} exd4 {[%emt 0:00:04]} 8.
Nxd4 {[%emt 0:00:01]} Bd7 {[%emt 0:00:06]} 9. Bg5 {[%emt 0:00:04]} Nxd4 {[%emt
0:00:06]} 10. Bxd7+ {[%emt 0:00:04]} Qxd7 {[%emt 0:00:00]} 11. Qxd4 { [%emt
0:00:02]} O-O {[%emt 0:00:08]} 12. Nc3 {[%emt 0:00:22]} h6 {[%emt 0:00:14]} 13.
Bh4 {[%emt 0:00:03]} Rfe8 {[%emt 0:00:04]} 14. Rad1 {[%emt 0:00:14]} Rad8
{[%emt 0:00:31]} 15. e5 {[%emt 0:00:20]} dxe5 {[%emt 0:00:00]} 16. Qxe5 { [%emt
0:00:01]} Bd6 {[%emt 0:01:45]} 17. Qa5 {[%emt 0:02:11]} Qg4 {[%emt 0:00:43]}
18. Bxf6 {[%emt 0:00:26]} gxf6 {[%emt 0:00:00]} 19. Nd5 {[%emt 0:00:09]} Qh4
{[%emt 0:01:13]} 20. g3 {[%emt 0:00:32]} Qg5 {[%emt 0:00:10]} 21. Qc3 { [%emt
0:01:00]} Be5 {[%emt 0:00:59]} 22. Qc4 {[%emt 0:00:41]} c6 {[%emt 0:00:40]} 23.
f4 {[%emt 0:02:33]} cxd5 {[%emt 0:00:05]} 24. Rxd5 {[%emt 0:00:01]} Bd4+ {[%emt
0:00:53]} 25. Rxd4 {[%emt 0:00:48]} Rxe1+ {[%emt 0:00:08]} 26. Kf2 {[%emt
0:00:01]} Rxd4 {[%emt 0:00:14]} 27. Qxd4 {[%emt 0:00:27]} Qa5 {[%emt 0:00:08]}
0-1